000 00254nam a2200109Ia 4500
008 190216s9999||||xx |||||||||||||| ||und||
100 _aMuinuddin Khan M D
245 0 _aAdvanced Accountancy
260 _bIdeal Library
_c1970
300 _a880p
942 _cBK
999 _c3978
_d3978